00624nam a2200169Ia 4500008004100000020001500041041000800056082001700064100003100081245010200112250000600214260003600220300000800256650004000264999001900304952013100323210716s2006 xx 000 0 und d a8178296225 aeng a658.406 NILV aNilakant, V;Ramnarayan, S. aChange management: altering mindsets in a global context.bAltering mindsets in a global context. a1 aNew DelhibResponse Booksc2006 a355 aOrganizational Development & Change c201646d201646 00102ddc40738MBAaAIMITbAIMITd2006-11-20g380.00l0o658.406 NILVpMBA04212r2025-07-21 00:00:00v304.00w2021-07-16yBK